00342 2200157 4500001002100000005001500021035002000036245004300056100001200099250000600111300001100117260002200128082000800150084001400158990001200172INLIS00000000000243120250604101106 a0010-06250000171 aBudi Daya Salak Pondoh /cDrs. Harsoyo0 aHarsoyo a1 a74 hlm bAneka Ilmu,c2000 a600 a600 HAR b a0712284